000 01111naa a22003617a 4500
001 BR8106787
003 BR-BrBNA
005 20240918175022.0
007 ta
008 230509b bl.||||| |||| 00| 0 por d
040 _aBR-BrBNA
_bpor
_cBiblioteca Nacional de Agricultura
041 _a(Pt)
072 _aF60; H50
_b0336
_b3801
_b3866
090 _aF60 BR8106787
100 1 _aMeurer, E.J.
100 1 _aWang, G.M.
100 1 _aWang, S.R.
245 1 _aFuncao dos nutrientes e sintomas de deficiencias [soja, Glycine max, macroelemento, microelemento]
_bCapitulo 4 - Fisiologia
260 3 _aSao Paulo, SP (Brasil):
_c1981.
500 _aMiyasaka, S.; Medina, J.C. (eds.) A soja no Brasil Sao Paulo, SP (Brasil): 1981. p. 156-167 (BR8106787-AM)F60
650 _aSOJA
650 _aDEFICIENCIA MINERAL
650 _aSINTOMA
650 _aEXIGENCIA NUTRICIONAL
650 _aMETABOLISMO VEGETAL
650 _aCARBONO
650 _aHIDROGENIO
650 _aOXIGENIO
650 _aABSORCAO
650 _aANALISE QUIMICA
909 _a202404
_bLucia
_c55
_dLucia Elande
942 _cAM
_2AGRIS
999 _c314592
_d314592